Statistics for The Ashes 2023 Squad

Click here to take the quiz!

General Stats

  • This quiz has been taken 18 times
  • The average score is 25 of 33

Answer Stats

CountryRolePlayer% Correct
EnglandAllrounderBen Stokes
100%
EnglandBowlerJames Anderson
100%
EnglandWicketkeeper BatterJonny Bairstow
100%
AustraliaBowlerMitchell Starc
100%
AustraliaMiddle order BatterSteven Smith
100%
EnglandBowlerStuart Broad
100%
AustraliaWicketkeeper BatterAlex Carey
93%
AustraliaOpening BatterDavid Warner
93%
EnglandBatting AllrounderMoeen Ali
93%
EnglandMiddle order BatterOllie Pope
93%
EnglandBowlerOllie Robinson
93%
EnglandTop order BatterBen Duckett
87%
EnglandTop order BatterJoe Root
87%
AustraliaBowlerJosh Hazlewood
87%
EnglandBowlerMark Wood
87%
AustraliaBowlerNathan Lyon
87%
AustraliaBowlerPat Cummins
87%
AustraliaBowlerScott Boland
87%
AustraliaTop order BatterUsman Khawaja
87%
EnglandTop order BatterZak Crawley
87%
AustraliaBatting AllrounderCameron Green
80%
AustraliaBatting AllrounderMarnus Labuschagne
80%
AustraliaMiddle order BatterTravis Head
80%
EnglandAllrounderChris Woakes
73%
EnglandBatterHarry Brook
67%
AustraliaAllrounderMitchell Marsh
67%
EnglandMiddle order BatterDan Lawrence
40%
AustraliaOpening BatterMarcus Harris
40%
EnglandBowlerJosh Tongue
33%
AustraliaWicketkeeper BatterJosh Inglis
27%
AustraliaBatterMatt Renshaw
27%
AustraliaBowlerTodd Murphy
27%
EnglandBowlerMatthew Potts
20%

Score Distribution

Percentile by Number Answered

Percent of People with Each Score

Your Score History

You have not taken this quiz